000 00370nam a2200145Ia 4500
008 230711s9999||||xx |||||||||||||| ||und||
041 _aENG
082 _a629.2
_bSR-A
100 _aSrinivasan,S
245 0 _aAutomotive engines
250 _a1st . Ed.
260 _c2001
_aNew Delhi
_bTata McGraw Hill Education Limited
650 _aMechanical Engineering
942 _cBK
999 _c4250
_d4250